Music Quiz

Random Music or Pop Music Quiz

Fifth Harmony or Little Mix? Quiz Stats

 Plays Quiz Updated Dec 26, 2018

Support Sporcle.
Go Orange.
Score 0/24 Timer 02:00
0 Plays Today
Song Fifth Harmony (F) or Little Mix (L) % Correct
Work From Home???
84.8%
Black Magic???
84.1%
Sledgehammer???
83.3%
Secret Love Song???
82.2%
Worth It???
81.6%
Wings???
81.4%
Hair???
80.8%
Touch???
80.7%
Little Me???
80.7%
Miss Movin' On???
80.4%
All In My Head (Flex)???
80.1%
Love Me Like You???
77.6%
Song Fifth Harmony (F) or Little Mix (L) % Correct
Move???
77.4%
Like Mariah???
77%
Brave Honest Beautiful???
77%
Change Your Life???
75.6%
We Know???
74.6%
Scared of Happy???
74.5%
Not That Kinda Girl???
74.3%
Down???
73.1%
Cannonball???
71.8%
Who Are You???
70.7%
Love Me or Leave Me???
69.8%
I Love You???
62.5%

From the Vault

Animals on Banknotes

by kfastic

This quiz is raking in the bucks.
Remove Ads.
Support Sporcle.
Get the best of Sporcle when you Go Orange. This ad-free experience offers more features, more stats, and more fun while also helping to support Sporcle. Thank you for becoming a member.

Show Comments

Extras

Top Quizzes Today


Score Distribution

Your Account Isn't Verified!

In order to create a playlist on Sporcle, you need to verify the email address you used during registration. Go to your Sporcle Settings to finish the process.

Report this User

Report this user for behavior that violates our Community Guidelines.

Details: